| 000 | 00388cam a2200169 4500 | ||
|---|---|---|---|
| 001 | D13137 | ||
| 008 | 090401t1955 xxu||||| |||| 00| 0 eng d | ||
| 035 | _a(Sirsi) u7907 | ||
| 041 | _aeng | ||
| 100 | _aKekwick, James | ||
| 245 | 4 | _aThe Town and Country Planning Act, 1954 | |
| 260 |
_aLondon _bRICS _c1955 |
||
| 350 | _a0 | ||
| 520 | _aShelf 117 | ||
| 942 | _n0 | ||
| 948 | _c04/03/1997 | ||
| 999 |
_c86457 _d86457 |
||